000 00890 am a2200277 a 4500
005 20240701113842.0
008 100629s1999||||cl a f |||| 001 0 spa d
020 _a9562201678
041 _aspa
092 _c618
_l66
_sPER
100 1 _aPérez Sánchez, Alfredo.
_91133
245 _aObstetricia /
_cAlfredo Pérez Sánchez
250 _a3a ed.
260 _aSantiago de Chile [Chile]:
_bMediterraneo;
_c1999.
300 _a1047 p.
500 _aPérez Sánchez, A. y Donoso Siña, E. (1999). Obstetricia. (3a ed.). Santiago de Chile [Chile] : Mediterráneo.
653 _aBases morfológicas y fisiológicas de la reproducción humana
653 _aEmbarazo y parto
653 _aMedicina perinatal
653 _aPatología médica y embarazo
653 _aRecién nacido
700 1 _aDonoso Siña, Enrique.
_91134
930 _a1396
930 _a882
942 _2ddc
_cBK
999 _c437
_d437